Vzťahy Ruskej federácie s postsovietskymi krajinami Strednej Ázie – príklad Kazachstanu diplomová práca

Saved in:
Bibliographic Details
Main Author: Bokorová, Soňa
Corporate Author: Fakulta medzinárodných vzťahov EU. Katedra medzinárodných politických vzťahov
Other Authors: Čech, Ľubomír, 1955-
Format: Book
Language:Slovak
Published: Bratislava 2017
Tags: Add Tag
No Tags, Be the first to tag this record!

MARC

LEADER 00000nbm a2200000 4500
001 0232016
005 20180223121006.2
041 0 |a slo 
044 |a SK 
245 1 0 |a Vzťahy Ruskej federácie s postsovietskymi krajinami Strednej Ázie – príklad Kazachstanu  |b diplomová práca  |c Soňa Bokorová ; školiteľ: Ľubomír Čech 
264 1 |a Bratislava  |c 2017 
300 |a 79 s. 
100 1 |a Bokorová, Soňa 
700 1 |a Čech, Ľubomír, 1955- 
710 2 |a Fakulta medzinárodných vzťahov EU. Katedra medzinárodných politických vzťahov